000 nam a22 7a 4500
999 _c9521
_d9521
008 180201b ||||| |||| 00| 0 eng d
100 _aChopra, S
_95701
245 _aTogether with Exploring Computers -VI
260 _aNew Delhi
_bRachna Sagar Publication
_c2007